00838nam a2200277 a 450000100060000000300090000600500170001500600150003200800410004701500200008801600300010801700540013802000180019203500210021004000280023104100130025908000100027210000160028224000180029824501140031625000120043026000280044230000270047065000390049770000240053626275CO-ViMGA20230915232154.0Mimo0002211771141112s2004 ck r 000 u spa d aMON0708 - 52937 abimoBNE20070562766 SpMaBN aB 24740 - 2007 Oficina Depósito Legal Barcelona a9788426135919 a(OCoLC)434182363 aCO-ViMGAbspacCO-ViMGA aspabeng a087.51 aBanks, Kate aFox Español10aEl zorrito / cKate Banks ; ilustraciones de Georg Hallensleben ; [traducción, Èlodie Bourgeois Bertín] a1a. ed. aBarcelona Juventud 2007 a[36] p. il. col. 26 cm14aCuentos infantiles estadounidenses1 aHallensleben, Georg